| 000 | 00000nam 2200000za 4500 |
| 001 | 9.625210 |
| 003 | CaOODSP |
| 005 | 20241115081738 |
| 007 | ta |
| 008 | 150406|1999||||xxc||||| f|0| 0 fre d |
| 020 | |a0-662-84283-9 |
| 040 | |aCaOODSP|bfre |
| 043 | |an-cn--- |
| 086 | 1 |aH42-2/61-1999F |
| 110 | 1 |aCanada. |bDirection des médicaments. |
| 245 | 10|aDésinfectants assimilés aux drogues |
| 260 | |aOttawa - Ontario : |bSanté Canada. |c1999. |
| 300 | |aii, 86p. ; |c28 cm. |
| 490 | 1 |aDirectives de la Programme des produits thérapeutiques |
| 500 | |a«La présente directive remplace celle de juin 1994 et reflète un certain nombre de changements apportés à la structure organisationnelle de Santé Canada ainsi qu'aux procédures du Programme des produits thérapeutiques.»--Introduction. |
| 520 | 3 |aLa présente directive remplace celle de juin 1994 et reflète un certain nombre de changements apportés à la structure organisationnelle de Santé Canada ainsi qu'aux procédures du Programme des produits thérapeutiques.--Introduction |
| 563 | |aFeuilles mobiles |
| 590 | |a00-20|b2000-05-19 |
| 691 | 07|aMédicament|2gcpds |
| 691 | 07|aPesticide|2gcpds |
| 775 | 08|tDisinfectant drugs|w(CaOODSP)9.615051 |
| 776 | 0#|tDésinfectants assimilés aux drogues |w(CaOODSP)9.605982 |
| 830 | #0|aDirectives de la Programme des produits thérapeutiques.|w(CaOODSP)9.513092 |